000 01167cam a2200277 i 4500
003 SA-RiAUC
005 20251130134312.0
008 251121s1996 sy g 000 0bara c
040 _aSA-RiAUC
_bara
_cSA-RiAUC
_erda
050 4 _b.A28 1996
082 0 4 _a239
_qSA-RiAUC
090 _a239
_bا ب و غ
100 1 _aأبو غدة، عبد الفتاح بن محمد بن بشير،
_d1917-1997
_eمؤلف.
245 1 2 _aالرسول المعلم صلى الله عليه وسلم وأساليبه في التعليم /
_cبقلم عبد الفتاح أبو غدة.
250 _aالطبعة الثانية.
264 1 _aحلب، سوريا :
_bمكتب المطبوعات الإسلامية،
_c1996
300 _a226 صفحة ؛
_c24 سم
336 _aنص
_btxt
_2rdacontent
_3كتاب
337 _aبدون وسيط
_bn
_2rdamedia
338 _aمجلد
_bnc
_2rdacarrier
600 0 7 _aمحمد (صلى الله عليه وسلم)،
_d53 قبل الهجرة-11 هجري
_2aucnm
650 7 _aالسيرة النبوية
_2aucsh
650 7 _aأخلاق الرسول
_2aucsh
942 _2ddc
_cBOOK
_n0
949 _aSA-JeALM
_d251121
_umohamedma123
_n1
999 _c13407
_d13407